The Asia who's who

Đã lưu trong:
Bibliografiske detaljer
Format: Bog
Sprog:Undetermined
Udgivet: Hong Kong Pan-Asia Newspaper Alliance 1960
Fag:
Tags: Tilføj Tag
Ingen Tags, Vær først til at tagge denne postø!
Thư viện lưu trữ: Trung tâm Học liệu Trường Đại học Cần Thơ
LEADER 00447nam a2200169Ia 4500
001 CTU_104749
008 210402s9999 xx 000 0 und d
082 |a 016.5 
082 |b A832 
245 4 |a The Asia who's who 
260 |a Hong Kong 
260 |b Pan-Asia Newspaper Alliance 
260 |c 1960 
650 |a Châu Á 
650 |x Thư mục,Từ điển 
904 |i Truc 
980 |a Trung tâm Học liệu Trường Đại học Cần Thơ